Ładuje się......

The dialogue with death : sri Aurobindo's savitri, a mystical approach

Opis bibliograficzny
1. autor: Mehta, Rohit
Format: Printed Book
Język:English
Wydane: Pondicherry : Sri Aurabindo Ashram , 1972.
LEADER 00507nam a22001337a 4500
008 160308b xxu||||| |||| 00| 0 eng d
082 |a 823.92 MEH/D 
100 |a Mehta, Rohit 
245 |a The dialogue with death :  |b sri Aurobindo's savitri, a mystical approach 
260 |a Pondicherry :  |b Sri Aurabindo Ashram ,  |c 1972. 
300 |a 374p. 
942 |c BK 
999 |c 193276  |d 193276 
952 |0 0  |1 0  |4 0  |6 823_920000000000000_MEH_D  |7 0  |9 213349  |a ENG  |b ENG  |c ST1  |d 2016-03-08  |i 4303  |l 0  |o 823.92 MEH/D  |p ENG4303  |r 2016-03-08  |w 2016-03-08  |y BK